000 02497nam a2200457 i 4500
001 768714001
003 CO-MdFUSB
005 20251028155848.0
007 cr nn |nn|a
007 ta
008 220418t2019 -us||||| |||| 00| 0 eng d
020 _a 9781433684289
_qelectrónico
020 _a9781433676277
_qimpreso
040 _aCO-MdFUSB
_bspa
_cCO-MdFUSB
_dCO-MdFUSBC
_erda
041 _aeng
082 _223
_a227.8706
_bH313
100 _aHarris, Dana M.,
_eautor
245 _aHebrews
_c/ Dana M. Harris , Andreas J. Köstenberger , Robert W. Yarbrough
_h[físico y electrónico]
264 1 _aNashville, TN :
_bB & H Academic,
_c[2019]
264 4 _c©2019
300 _a452 páginas
_c; 23 cm
336 _2rdacontent
_atexto
_btxt
337 _2rdamedia
_ainformático
_bc
337 _2rdamedia
_asin mediación
_bn
338 _2rdacarrier
_aremoto
_bcr
338 _2rdacarrier
_avolumen
_bnc
490 _aExegetical Guide to the Greek New Testament
505 _aHebreos. -- Esquema exegético. -- Índice de gramática. --Índice de las Escrituras
506 _aSolicitar clave y usuario para acceder al libro electrónico.
506 _aLibro multiusuario.
520 _aLa Guía Exegética del Nuevo Testamento Griego (EGGNT) cierra la brecha entre el texto griego y las herramientas léxicas y gramaticales disponibles, brindando toda la información necesaria para una mayor comprensión del texto. La serie facilita la interpretación de cualquier libro del Nuevo Testamento, especialmente para aquellos que tienen poco tiempo pero quieren predicar o enseñar con precisión y autoridad. Cada volumen comienza con una breve introducción al libro del Nuevo Testamento en particular, un bosquejo básico y una lista de comentarios recomendados. El cuerpo está dedicado a la exégesis párrafo por párrafo del texto griego e incluye ayudas homiléticas y sugerencias para estudios posteriores. Un bosquejo exegético integral del libro del Nuevo Testamento completa cada volumen de EGGNT.
563 _aRústico
630 7 _aBiblia.
_pHebreos
_xCrítica, interpretación, etc.
700 _96414
_aKöstenberger, Andreas J.,
_eautor
700 _9328
_aYarbrough, Robert W.
_eautor
856 _b2175855
_uhttp://search.ebscohost.com/login.aspx?direct=true&scope=site&db=nlebk&db=nlabk&AN=2175855
_zAbrir Versión electrónica del libro Hebrews
942 _cREF
945 _aJTF-925
999 _c67747
_d67747